00225nam a2200085Ia 4500008004100000100001700041245001800058260004300076650002000119190216s9999||||xx |||||||||||||| ||und|| aGupthan Nair 0aPunaralochana bSahithya Pravarthaka Sahakarana Sangam aEssay Malayalam